LEADER 00633nam a2200169 i 4500 001 000000220621 003 CaOOAMICUS 005 20130524000000.0 008 130524s1837 xx u000 u fre u 013 $a199518 040 $aSeMil$bita 245 10$aTome 2. 300 $a376 p. 773 0 $aArgentan, Louis-François : d' $tGrandeurs de la Très-Sainte Vierge Marie Mère de Dieu.$dLille : L. Lefort, 1837.$bNouvelle édition, revue et corrigée$g2$w()5910 850 $aSeMil 852 $aSeMil$W1$xVenegono$y1$m2L I 46 FA$j170976$B170976$CSeMilBibl$Z2$F181503 $8I 996 $6245$aTome 2$9(OLS)http://semarc/title/1533 LEADER 01043nam a2200205 i 4500 001 000000092436 003 CaOOAMICUS 005 20151130000000.0 008 151130s1878 it u000 u ita u 013 $a64678 040 $aSeMil$bita 100 1 $aBianchi, Francesco Saverio Maria .$0(OLS)http://semarc/name/41109 245 10$aVita del beato Alessandro Sauli della Congregazione de' Barnabiti vescovo di Aleria poi di Pavia /$cscritta dal padre Francesco Saverio M. Bianchi della medesima compagnia. 260 $aBologna :$bTipografia Moneti,$c1878. 300 $a158 p., [1] c. di tav. :$bill. ;$c15 cm. 600 14$aSauli, Alessandro .$0(OLS)http://semarc/subject/2591 850 $aSeMil 852 $aSeMil$W1$xVenegono$y1$m3J I 87 FA$j55324$B55324$CSeMilBibl$Z2$F60037 $8I 996 $6245$aVita del beato Alessandro Sauli della Congregazione de' Barnabiti vescovo di Aleria poi di Pavia$9(OLS)http://semarc/title/138597 996 $6260$aBologna :$bTipografia Moneti$9(OLS)http://semarc/publisher/43978